Knuckle Velvet - Ethel Cain - Statistics

General Stats
  • This quiz has been taken 11 times
  • The average score is 164 of 169
Answer Stats
% Correct
a
100%
again
100%
all
100%
and
100%
And
100%
another
100%
any
100%
apart,
100%
away
100%
back
100%
Bleeding
100%
blood
100%
change
100%
child
100%
cold
100%
Come
100%
come
100%
cry
100%
crying
100%
day
100%
destroy
100%
do,
100%
don't
100%
drop
100%
ever
100%
every
100%
face,
100%
gave
100%
get
100%
gore
100%
half
100%
have
100%
healing
100%
heart
100%
hoping
100%
hurts
100%
"I
100%
I
100%
in
100%
into
100%
is
100%
it
100%
Just
100%
kill
100%
know
100%
knuckle
100%
Leave
100%
like
100%
love
100%
made
100%
make
100%
me
100%
my
100%
neck
100%
night
100%
no
100%
Nothing
100%
of
100%
oh
100%
on
100%
out
100%
over
100%
own,
100%
room
100%
save
100%
say
100%
See
100%
Shed
100%
spend
100%
still
100%
take
100%
tell
100%
the
100%
throttled
100%
through
100%
to
100%
Too
100%
torn
100%
undressed
100%
velvet,
100%
way
100%
ways
100%
what
100%
With
100%
without
100%
Without
100%
(Without
100%
won't
100%
you
100%
you"
100%
You
100%
you,
100%
you)
100%
you'll
100%
your
100%
you're
100%
Bated
75%
did
75%
first
75%
hard,
75%
saying
75%
sleeve
75%
so
75%
such
75%
teeth
75%
that
75%
When
75%
but
50%
I'm
50%
prayers
50%
softly
50%
No matching quizzes found
Score Distribution
Percent of People with Each Score
Percentile by Number Answered
Your Score History
You have not taken this quiz